Normal view
MARC view
Entry Personal Name
001 - CONTROL NUMBER
- control field: 65511
003 - CONTROL NUMBER IDENTIFIER
- control field: OSt
005 - DATE AND TIME OF LATEST TRANSACTION
- control field: 20160727151038.0
008 - FIXED-LENGTH DATA ELEMENTS
- fixed length control field: 160727|| aca||aabn | a|a d
040 ## - CATALOGING SOURCE
- Original cataloging agency: OSt
- Transcribing agency: OSt
100 ## - HEADING--PERSONAL NAME
- Personal name: परिमलेन्दु, रामनिरंजन
670 ## - SOURCE DATA FOUND
- Source citation: Work cat.: (OSt): परिमलेन्दु, रामनिरंजन , बच्चन पत्रों के दर्पण में , 2011









